| 000 | 00527 a2200181 4500 | ||
|---|---|---|---|
| 001 | 068975 | ||
| 003 | OSt | ||
| 005 | 20220331151315.0 | ||
| 008 | |||
| 082 |
_a512.02 _bK68A |
||
| 100 | 1 | _aKlima, Richard E. | |
| 245 | 1 |
_aApplications of abstract algebra with maple and matlab _cby Richard E. Klima |
|
| 260 |
_aNew York _bCrc Press _c2007 |
||
| 300 | _a505p. | ||
| 653 | _aMATLAB; Maple (Computer file); Algebra, Abstract--Data processing | ||
| 700 | _aSigmon, Neil P. | ||
| 942 |
_2ddc _cBK |
||
| 999 |
_c2591 _d2591 |
||